[Event "Mem Vinas 15th B"]
[Site "Mataro"]
[Date "2019.06.29"]
[Round "8.8"]
[White "Gomez Jorge, Felix"]
[Black "Sentias Vilardell, Josep"]
[Result "1-0"]
[WhiteElo "1575"]
[BlackElo "1328"]
[PlyCount "45"]
[EventDate "2019.05.04"]
[EventType "swiss"]
[EventRounds "8"]
[EventCountry "ESP"]
[SourceTitle "EXT 2024"]
[Source "ChessBase"]
[SourceDate "2023.10.10"]
[SourceVersion "1"]
[SourceVersionDate "2023.10.10"]
[SourceQuality "1"]

1. d4 d5 2. c4 c6 3. Nc3 e6 4. Nf3 Bb4 5. e3 Bxc3+ 6. bxc3 Nf6 7. Ba3 b6 8. cxd5 exd5 9. Ne5 Nbd7 10. Nxd7 Qxd7 11. Bd3 Qc7 12. h3 b5 13. Qc2 a5 14. Rc1 Ba6 15. 0-0 Bc8 16. e4 dxe4 17. Bxe4 Bb7 18. Bf5 Bc8 19. Rfe1+ Be6 20. Bxe6 fxe6 21. Rxe6+ Kd8 22. Qf5 Re8 23. Rce1 1-0